00397pab a2200133 454500008004000000100002900040245008400069260000900153300001600162650002000178650001800198650002100216773002600237180718b2008 xxu||||| |||| 00| 0 eng d aWickramasekara, Piyasiri aGlobalisation, international labour migration and the rights of migrant workers c2008 ap.1247-264. aMigrant workers aGlobalization aLabour migration aThird World Quarterly